| 000 | 00763nam a2200229 i 4500 | ||
|---|---|---|---|
| 001 | 66514 | ||
| 003 | ES-MaACL | ||
| 005 | 20250630032902.0 | ||
| 007 | t| | ||
| 008 | 890907s1987 sp |||| | spa d | ||
| 020 | _a84-505-6931-1 | ||
| 080 | _a737.1.034(460)(064.3) | ||
| 245 | 0 | 0 |
_aMonedas hispánicas, 1475-1598 _b: sala de exposiciones del Banco de España / _c[textos, Gonzalo Anes... et al.]. |
| 260 |
_a[Madrid] : _bBanco de España, _c1987. |
||
| 300 |
_a222 p. : _bprincipalmente il. col. y n. ; _c28 cm. |
||
| 650 | 1 | 4 |
_aMonedas- _zEspaña- _vExposiciones. _9166459 |
| 655 | 7 |
_2tgfbne _9193628 _aCatálogos de exposiciones |
|
| 710 | 2 |
_aBanco de España _92104 |
|
| 852 |
_aES-MaACL _jL-26988 |
||
| 942 | _2udc | ||
| 999 |
_c66514 _d66514 |
||